Statistics for Animal Crossing New Horizons Quiz

Click here to take the quiz!

General Stats

  • This quiz has been taken 43 times
    (42 since last reset)
  • The average score is 22 of 40

Answer Stats

HintAnswer% Correct
Raccoon.Tom Nook
97%
Raccoon Twins.Timmy and Tommy
87%
Dog Helper, Mayor in new leaf.Isabelle
81%
TreeApple
77%
FruitApple
77%
Currency.Bells
77%
Owl that owns the museum.Blathers
77%
TreeCherry
74%
FruitCherry
74%
Singing Dog with guitar.K.K Slider
74%
ToolAxe
71%
FruitOrange
71%
TreeOrange
71%
ToolShovel
71%
TreePeach
68%
ToolNet
65%
FruitPear
65%
TreePear
65%
FruitCoconut
58%
ToolFishing Rod
58%
CropWheat
58%
CropPumpkin
52%
Rug Selling CamelSahara
52%
ToolLadder
48%
ToolSlingshot
48%
CropCarrot
45%
Shop Owned By 2.Nook's Cranny
45%
CropPotato
45%
CropTomato
45%
CropSugarcane
42%
Ghost.Wisp
42%
Turtle who takes you on boat tours.Kapp'n
39%
ToolVaulting Pole
32%
TreeHardwood
29%
Plant Selling SlothLeaf
23%
Machine where you pay off your loan.Nook Stop
23%
TreePalm
19%
TreeSoftwood
16%
TreeBamboo
10%
Two Hedgehogs that own the able sisters store.Mable and label
0%

Score Distribution

Percentile by Number Answered

Percent of People with Each Score

Your Score History

You have not taken this quiz since the last reset